The rise and fall of détente : American foreign policy and the transformation of the Cold War /

Bibliographic Details
Main Author: Hanhimäki, Jussi M., 1965-
Format: Book
Language:English
Published: Washington, D.C. : Potomac Books, [2013]
Edition:1st ed.
Series:Issues in the history of American foreign relations.
Subjects:

MARC

Tag First Indicator Second Indicator Subfields
LEADER 00000cam a2200000 a 4500
001 in00002865513
005 20151202172927.0
008 120831s2013 dcu b 001 0 eng
010 |a  2012031572 
020 |a 9781597970754 (hardcover : alk. paper) 
020 |a 1597970751 (hardcover : alk. paper) 
020 |a 9781597970761 (pbk. : alk. paper) 
020 |a 159797076X (pbk. : alk. paper) 
020 |a 9781612345864 (electronic) 
020 |a 1612345867 (electronic) 
035 |a (OCoLC)ocn795759556 
040 |a DLC  |c DLC  |d UtOrBLW 
043 |a n-us--- 
049 |a TXAM 
050 0 0 |a E840  |b .H364 2013 
082 0 0 |a 973.9  |2 23 
100 1 |a Hanhimäki, Jussi M.,  |d 1965- 
245 1 4 |a The rise and fall of détente :  |b American foreign policy and the transformation of the Cold War /  |c Jussi M. Hanhimäki. 
250 |a 1st ed. 
264 1 |a Washington, D.C. :  |b Potomac Books,  |c [2013] 
264 4 |c ©2013 
300 |a xix, 275 pages ;  |c 24 cm. 
336 |a text  |b txt  |2 rdacontent 
337 |a unmediated  |b n  |2 rdamedia 
338 |a volume  |b nc  |2 rdacarrier 
490 1 |a Issues in the history of American foreign relations 
504 |a Includes bibliographical references and index. 
505 0 |a Roots of détente: crises, challenges, and the quest for stability -- 1968: revolution, war, and the birth of détente -- "Three for three": triangulation -- Nixon, Kissinger and détente in Europe -- Détente halted: domestic critics and regional crises -- Reason or morality: Carter, human rights, and nuclear peace -- Crisis and collapse: Iran, Afghanistan, and the Carter doctrine -- Cold War transformed: the paradox of détente. 
651 0 |a United States  |x Foreign relations  |y 1945-1989. 
650 0 |a Detente. 
650 0 |a Cold War. 
650 0 |a International relations. 
830 0 |a Issues in the history of American foreign relations. 
945 |a PromptCat 
946 |a stk 
947 |a A14835926157 
948 |a cataloged  |b h  |c 2013/1/30  |d c  |e dmitchel  |f 10:00:00 am 
994 |a 92  |b TXA 
999 |a MARS 
999 f f |s 8bfdb829-33ed-3555-a235-9e630af822b1  |i bb50f0ab-d950-387c-97ed-636c3eb842be  |t 0 
952 f f |p normal  |a Texas A&M University  |b College Station  |c Sterling C. Evans Library  |s Evans stk  |d Evans: Library Stacks  |t 0  |e E840 .H364 2013  |h Library of Congress classification  |i unmediated -- volume  |m A14835926157 
998 f f |a E840 .H364 2013  |t 0  |l Evans: Library Stacks